000 00283nam a2200133 i 4500
001 bg
245 0 _aMały słownik matematyczny.
250 _aWyd.4.
260 _aWarszawa,
_c1974.
040 _cBPK
041 _apol
942 _cKS
008 s pl f |000 0 pol
999 _c16923
_d16923
856 _uhttp://koha.tu.koszalin.pl/cgi-bin/koha/opac-detail.pl?biblionumber=16923
_yKatalog online BPK